| 000 | 00944cam a22002533a 4500 | ||
|---|---|---|---|
| 001 | 14967 | ||
| 003 | PGUSA | ||
| 005 | 20140828083323.0 | ||
| 008 | 050207s2005||||xxu|||||s|||||000 1 eng d | ||
| 040 |
_aPGUSA _beng |
||
| 042 | _adc | ||
| 050 | 4 | _aPS | |
| 100 | 1 |
_aSmith, Francis Hopkinson, _d1838-1915 |
|
| 245 | 1 | 2 |
_aA Gentleman Vagabond and Some Others _h[electronic resource] / _cFrancis Hopkinson Smith |
| 260 |
_bProject Gutenberg, _c2005 |
||
| 505 | 0 | _aA gentleman vagabond — A knight of the legion of honor — John Sanders, laborer — Baeader — The lady of Lucerne — Jonathan — Along the Bronx — Another dog — Brockway's hulk. | |
| 506 | _aPublic domain in the USA. | ||
| 516 | _aElectronic text | ||
| 653 | _aUnited States -- Social life and customs -- 19th century -- Fiction | ||
| 653 | _aShort stories | ||
| 830 | 0 |
_aProject Gutenberg _v14967 |
|
| 856 | 4 | 0 | _uhttp://www.gutenberg.org/ebooks/14967 |
| 942 | _cEB | ||
| 999 |
_c244222 _d244222 |
||